000 00733nam a2200265Ia 4500
003 OSt
005 20221006142331.0
006 a|||||r|||| 00| 0
007 ta
008 221006b |||||||| |||| 00| 0 eng d
020 _a8185674574
_c150.00[each]
024 _a6,086
037 _cTextual
040 _aEASL
_cEASL
_beng
041 _2eng
_aeng
082 _aV42:192.N91, N2-;1
100 _aKanwar Kamlendra Ed.
245 0 _aIndia-Japan
_b Towards a new era
260 _aNew Delhi
_bUBSPD Publishers Distributors Ltd. India
_c1992
300 _a169p.
_ccm.
490 _v JEL
650 _aJEL
942 _hV42:192.N91, N2-;1
_cTEXL
_2CC
999 _c1074172
_d1074172